000 00730nam a2200253Ia 4500
003 OSt
005 20220928115703.0
006 a|||||r|||| 00| 0
007 ta
008 220927b |||||||| |||| 00| 0 eng d
020 _cINR 799.00
024 _a134243
037 _b1284, 23/02/2017, Bright Book Service
_cTextual
040 _aSDCL
_cSDCL
_beng
041 _2eng
_aeng
082 _aW65, Q6
100 _aSmith Martin J.
_9445529
245 0 _aPower and the state
260 _aNew York
_b Palgrave Macmillan
_c2016
300 _axi,307p.
_ccm.
650 _aPolitical Science
942 _hW65, Q6
_cTEXL
_2CC
999 _c760456
_d760456